[Event "RUS-ch Blitz Men 2018"]
[Site "Sochi"]
[Date "2018.10.07"]
[Round "16"]
[White "Artemiev, Vladislav"]
[Black "Dubov, Daniil"]
[Result "1/2-1/2"]
[WhiteElo "2706"]
[BlackElo "2703"]
[Annotator "TA"]
[PlyCount "57"]
[EventDate "2018.10.07"]
[EventType "swiss"]
[EventCountry "RUS"]
[SourceTitle "playchess.com"]
[Source "ChessBase"]
[SourceQuality "1"]

1. Nf3 Nf6 2. g3 g6 3. Bg2 Bg7 4. O-O O-O 5. d4 d5 6. Nbd2 c6 7. c4 a5 8. b3 Ne4 9. Bb2 Bf5 10. Nh4 Nxd2 11. Qxd2 Be6 12. Rfc1 a4 13. Qb4 axb3 14. axb3 Rxa1 15. Rxa1 dxc4 16. bxc4 Bxd4 17. Qxb7 Bxc4 18. Nf3 Bxb2 19. Qxb2 Bd5 20. Ne5 Bxg2 21. Kxg2 Qd5+ 22. f3 Nd7 23. Ng4 h5 24. Nf2 Rb8 25. Qc2 c5 26. Ne4 Qc6 27. Qc4 Rb4 28. Qc3 Rb8 29. Qc4 1/2-1/2

[Event "RUS-ch Blitz Men 2018"]
[Site "Sochi"]
[Date "2018.10.07"]
[Round "16"]
[White "Tomashevsky, Evgeny"]
[Black "Drygalov, Sergey"]
[Result "1/2-1/2"]
[WhiteElo "2705"]
[BlackElo "2446"]
[Annotator "TA"]
[PlyCount "44"]
[EventDate "2018.10.07"]
[EventType "swiss"]
[EventCountry "RUS"]
[SourceTitle "playchess.com"]
[Source "ChessBase"]
[SourceQuality "1"]

1. c4 Nf6 2. Nc3 c5 3. Nf3 Nc6 4. g3 b6 5. Bg2 Bb7 6. O-O e6 7. e4 e5 8. Nd5 d6 9. d3 Be7 10. a3 O-O 11. Bd2 Bc8 12. h3 Nxd5 13. exd5 Nd4 14. Nxd4 exd4 15. Re1 Bf5 16. Be4 Bd7 17. Qh5 g6 18. Qh6 Bf6 19. h4 Bg7 20. Qf4 Be5 21. Qg5 Bf6 22. Qh6 Bg7 1/2-1/2

[Event "RUS-ch Blitz Men 2018"]
[Site "Sochi"]
[Date "2018.10.07"]
[Round "16"]
[White "Demchenko, Anton"]
[Black "Linker, Mikhail"]
[Result "1-0"]
[WhiteElo "2679"]
[BlackElo "2269"]
[Annotator "TA"]
[PlyCount "60"]
[EventDate "2018.10.07"]
[EventType "swiss"]
[EventCountry "RUS"]
[SourceTitle "playchess.com"]
[Source "ChessBase"]
[SourceQuality "1"]

1. e4 c5 2. Nf3 d6 3. d4 cxd4 4. Qxd4 Nc6 5. Qe3 g6 6. Be2 Bg7 7. O-O Nf6 8. h3 O-O 9. Rd1 Qc7 10. c4 Bd7 11. Nc3 Rac8 12. Bd2 b6 13. Rac1 Qb7 14. b3 Rfd8 15. Nd5 Nxd5 16. exd5 Ne5 17. Nd4 Be8 18. Bc3 b5 19. cxb5 Rc5 20. f4 Rxd5 21. fxe5 dxe5 22. Nc6 Bxc6 23. bxc6 Qxc6 24. Rxd5 Qxd5 25. Rd1 Qa8 26. Rxd8+ Qxd8 27. Qxa7 Qc8 28. Bc4 Qf5 29. Qf2 Qb1+ 30. Qf1 Qf5 1-0

[Event "RUS-ch Blitz Men 2018"]
[Site "Sochi"]
[Date "2018.10.07"]
[Round "16"]
[White "Sjugirov, Sanan"]
[Black "Grachev, Boris"]
[Result "1-0"]
[WhiteElo "2654"]
[BlackElo "2626"]
[Annotator "TA"]
[PlyCount "94"]
[EventDate "2018.10.07"]
[EventType "swiss"]
[EventCountry "RUS"]
[SourceTitle "playchess.com"]
[Source "ChessBase"]
[SourceQuality "1"]

1. e4 c5 2. Nf3 e6 3. d4 cxd4 4. Nxd4 Nc6 5. Nc3 a6 6. Nxc6 bxc6 7. Bd3 d5 8. O-O Nf6 9. Qf3 Be7 10. Qg3 Nh5 11. Qf3 Nf6 12. e5 Nd7 13. Qg3 Kf8 14. Na4 h5 15. h3 h4 16. Qf4 Kg8 17. b3 c5 18. Rb1 Bb7 19. c4 d4 20. Re1 g6 21. Bd2 a5 22. Qg4 Kg7 23. Nb2 Rh5 24. Bf4 Bc6 25. Bc2 Bg5 26. Nd3 Qe7 27. Re2 Bxf4 28. Qxf4 Qg5 29. Qh2 Bf3 30. Ree1 Qd2 31. Qf4 Qxc2 32. Qxf3 Rd8 33. Rb2 Qc3 34. Rbe2 a4 35. Rc1 Qa5 36. Qe4 Qa8 37. Qf4 Rdh8 38. b4 Rf5 39. Qe4 Qxe4 40. Rxe4 cxb4 41. Rxd4 Nxe5 42. Nxb4 a3 43. c5 Rb8 44. c6 Rg5 45. Kf1 Rc8 46. c7 Rf5 47. Rd8 Nd3 1-0

[Event "RUS-ch Blitz Men 2018"]
[Site "Sochi"]
[Date "2018.10.07"]
[Round "16"]
[White "Riazantsev, Alexander"]
[Black "Murzin, Volodar"]
[Result "1-0"]
[WhiteElo "2649"]
[BlackElo "2340"]
[Annotator "TA"]
[PlyCount "41"]
[EventDate "2018.10.07"]
[EventType "swiss"]
[EventCountry "RUS"]
[SourceTitle "playchess.com"]
[Source "ChessBase"]
[SourceQuality "1"]

1. Nf3 Nf6 2. e3 g6 3. b3 Bg7 4. Bb2 O-O 5. d4 d6 6. Be2 Nbd7 7. O-O Re8 8. c4 e5 9. dxe5 Ng4 10. Nbd2 dxe5 11. h3 Nh6 12. Qc2 Qe7 13. Rfd1 f5 14. c5 Nxc5 15. Rac1 b6 16. b4 Na6 17. Qa4 Nxb4 18. Rxc7 Qxc7 19. Qxe8+ Bf8 20. Bc4+ Nf7 21. Nxe5 1-0

[Event "RUS-ch Blitz Men 2018"]
[Site "Sochi"]
[Date "2018.10.07"]
[Round "16"]
[White "Rakhmanov, Aleksandr"]
[Black "Timofeev, Artyom"]
[Result "1-0"]
[WhiteElo "2634"]
[BlackElo "2580"]
[Annotator "TA"]
[PlyCount "73"]
[EventDate "2018.10.07"]
[EventType "swiss"]
[EventCountry "RUS"]
[SourceTitle "playchess.com"]
[Source "ChessBase"]
[SourceQuality "1"]

1. b3 c5 2. Bb2 d6 3. g3 e5 4. Bg2 g6 5. c4 Bg7 6. Nc3 Ne7 7. e3 Nbc6 8. Nge2 O-O 9. O-O Be6 10. Nd5 Bxd5 11. cxd5 Nb4 12. e4 Nd3 13. Bc3 b5 14. Qc2 c4 15. bxc4 bxc4 16. Qa4 Qc7 17. Nc1 f5 18. Nxd3 cxd3 19. Qa6 fxe4 20. Bxe4 Nf5 21. Qxd3 Rac8 22. Rab1 Nd4 23. Kg2 Qc4 24. Qxc4 Rxc4 25. Bd3 Ra4 26. Rb2 Nf3 27. Bb5 Rg4 28. Bd7 Rc4 29. Rfb1 e4 30. Be6+ Kh8 31. Rb8 Ne5 32. Bxe5 dxe5 33. d6 Rd4 34. d7 Rxd2 35. Rxf8+ Bxf8 36. Rb8 e3 37. Kf1 1-0

[Event "RUS-ch Blitz Men 2018"]
[Site "Sochi"]
[Date "2018.10.07"]
[Round "16"]
[White "Paravyan, David"]
[Black "Panarin, Mikhail"]
[Result "1-0"]
[WhiteElo "2629"]
[BlackElo "2562"]
[Annotator "TA"]
[PlyCount "61"]
[EventDate "2018.10.07"]
[EventType "swiss"]
[EventCountry "RUS"]
[SourceTitle "playchess.com"]
[Source "ChessBase"]
[SourceQuality "1"]

1. e4 c5 2. Nf3 e6 3. d4 cxd4 4. Nxd4 Nc6 5. c3 d6 6. c4 Nf6 7. Nc3 Be7 8. Be2 O-O 9. O-O d5 10. exd5 exd5 11. cxd5 Nxd5 12. Nxc6 bxc6 13. Bd2 Bf6 14. Rc1 Rb8 15. b3 Nb4 16. Bf4 Rb7 17. a3 Bxc3 18. axb4 Bxb4 19. Qc2 Be6 20. Qxc6 Rb6 21. Qa4 Bd2 22. Bc7 Qg5 23. h4 Qh6 24. Bxb6 Bxc1 25. Bxa7 Bd5 26. Qd4 Bf4 27. Qxd5 Qxh4 28. g3 Bxg3 29. fxg3 Qxg3+ 30. Qg2 Qxb3 31. Bd4 1-0

[Event "RUS-ch Blitz Men 2018"]
[Site "Sochi"]
[Date "2018.10.07"]
[Round "16"]
[White "Oparin, Grigoriy"]
[Black "Bocharov, Ivan"]
[Result "0-1"]
[WhiteElo "2624"]
[BlackElo "2563"]
[Annotator "ChessBase"]
[PlyCount "80"]
[EventDate "2018.10.07"]
[EventType "swiss"]
[EventCountry "RUS"]
[SourceTitle "playchess.com"]
[Source "ChessBase"]
[SourceQuality "1"]

1. Nf3 Nf6 2. g3 d5 3. Bg2 c6 4. O-O Bf5 5. c4 e6 6. cxd5 exd5 7. d3 Bd6 8. Nc3 O-O 9. Nh4 Bg4 10. h3 Be6 11. e4 dxe4 12. dxe4 Na6 13. Qe2 Be5 14. f4 Bd4+ 15. Kh2 Re8 16. Rd1 Qb6 17. e5 Bd5 18. Nxd5 Nxd5 19. Nf5 Bc5 20. Qg4 g6 21. Bd2 Rad8 22. Rab1 Bf8 23. b4 Nac7 24. a4 Ne6 25. Nh4 Qf2 26. Qf3 Qxf3 27. Nxf3 Nxb4 28. Bxb4 Rxd1 29. Rxd1 Bxb4 30. Rd7 Re7 31. Rd3 a5 32. h4 b5 33. Ng5 bxa4 34. Bxc6 a3 35. Nxe6 Rxe6 36. Rd8+ Kg7 37. Bd5 Re7 38. Kh3 Rc7 39. h5 gxh5 40. Kh4 Be7+ 0-1

[Event "RUS-ch Blitz Men 2018"]
[Site "Sochi"]
[Date "2018.10.07"]
[Round "16"]
[White "Alekseev, Evgeny"]
[Black "Rozum, Ivan"]
[Result "1-0"]
[WhiteElo "2620"]
[BlackElo "2573"]
[Annotator "ChessBase"]
[PlyCount "193"]
[EventDate "2018.10.07"]
[EventType "swiss"]
[EventCountry "RUS"]
[SourceTitle "playchess.com"]
[Source "ChessBase"]
[SourceQuality "1"]

1. Nf3 Nf6 2. c4 b6 3. g3 Bb7 4. Bg2 g6 5. d4 Bg7 6. O-O O-O 7. Nc3 Ne4 8. Nxe4 Bxe4 9. e3 d6 10. b3 Nd7 11. Bb2 e6 12. Qe2 Qe7 13. Rfd1 f5 14. Bf1 e5 15. Rac1 Rae8 16. Bg2 a5 17. a3 g5 18. b4 axb4 19. axb4 h6 20. c5 bxc5 21. bxc5 dxc5 22. dxe5 Bxf3 23. Qxf3 Nxe5 24. Qd5+ Kh7 25. Qxc5 Nf3+ 26. Bxf3 Bxb2 27. Rc2 Be5 28. Qb5 Bd6 29. Rd5 f4 30. exf4 gxf4 31. g4 Qg7 32. Kg2 Re7 33. Qd3+ Kh8 34. Re2 Rfe8 35. Rxe7 Rxe7 36. Rb5 Re8 37. Rb7 Qf6 38. Rb5 Qg7 39. Qc2 Qf6 40. h3 Qg7 41. Qa2 Qf6 42. Rb3 Qg7 43. Rd3 Qf6 44. Rd5 Qg7 45. Rf5 Rf8 46. Rh5 Rf6 47. g5 Rg6 48. h4 Qg8 49. Qc2 Kg7 50. Qf5 hxg5 51. Be4 Qf7 52. Qxf7+ Kxf7 53. Bxg6+ Kxg6 54. Rxg5+ Kf6 55. Kh3 Be5 56. Rg1 Kf5 57. Rc1 f3 58. Rc6 Bd6 59. Rc3 Kf4 60. Rc4+ Kf5 61. h5 Kg5 62. Rh4 Bf8 63. Rg4+ Kxh5 64. Rf4 Bd6 65. Rf5+ Kg6 66. Kg4 Be7 67. Rxf3 Bd6 68. Rd3 Be5 69. f4 Bd6 70. Re3 Kf6 71. Rc3 Kg6 72. Rh3 Be7 73. Re3 Kf6 74. Kf3 Bd6 75. Ke4 Ke6 76. Rg3 Kf6 77. Rh3 Kg6 78. Rh1 Kf6 79. Rh6+ Kg7 80. Re6 Kf7 81. f5 Kg7 82. Kf3 Kf7 83. Kg4 Bc5 84. Re4 Kf6 85. Re6+ Kf7 86. Rc6 Bb6 87. Kg5 Be3+ 88. Kg4 Bb6 89. Kf4 Ba5 90. Ke5 Bb6 91. f6 Ba5 92. Kf5 Bb6 93. Rc4 Ba5 94. Rh4 Bc3 95. Rh7+ Kg8 96. Rxc7 Bd4 97. Kg6 1-0

[Event "RUS-ch Blitz Men 2018"]
[Site "Sochi"]
[Date "2018.10.07"]
[Round "16"]
[White "Gordievsky, Dmitry"]
[Black "Sarana, Alexey"]
[Result "0-1"]
[WhiteElo "2615"]
[BlackElo "2641"]
[Annotator "TA"]
[PlyCount "105"]
[EventDate "2018.10.07"]
[EventType "swiss"]
[EventCountry "RUS"]
[SourceTitle "playchess.com"]
[Source "ChessBase"]
[SourceQuality "1"]

1. Nf3 Nf6 2. c4 g6 3. Nc3 d5 4. cxd5 Nxd5 5. h4 Bg7 6. e4 Nxc3 7. dxc3 Qxd1+ 8. Kxd1 e5 9. Be3 Bg4 10. Be2 Nd7 11. Nd2 Bxe2+ 12. Kxe2 h5 13. a4 Bh6 14. a5 Bxe3 15. Kxe3 a6 16. b4 Ke7 17. Nb3 c5 18. Rhd1 Rhc8 19. Rd5 cxb4 20. cxb4 Rc3+ 21. Rd3 Rc4 22. Rb1 Rac8 23. Nd2 Rc2 24. f3 Ke6 25. g3 R8c3 26. Rb3 Rxb3 27. Rxb3 Rc1 28. b5 Nc5 29. bxa6 bxa6 30. Rb6+ Kd7 31. Rf6 Rc3+ 32. Ke2 Ke7 33. Rb6 Rc2 34. Ke3 Rc1 35. Ke2 Rc3 36. Kd1 Ra3 37. Nc4 Rxf3 38. Nxe5 Rxg3 39. Rc6 Rc3 40. Rb6 Ra3 41. Ke2 Kf8 42. Nc6 Nxe4 43. Rxa6 g5 44. hxg5 h4 45. Ra8+ Kg7 46. Ra7 h3 47. g6 h2 48. Rxf7+ Kxg6 49. Ne5+ Kg5 50. Rg7+ Kf6 51. Rh7 Kxe5 52. Rh5+ Kd4 53. a6 0-1

[Event "RUS-ch Blitz Men 2018"]
[Site "Sochi"]
[Date "2018.10.07"]
[Round "16"]
[White "Chigaev, Maksim"]
[Black "Alekseenko, Kirill"]
[Result "1-0"]
[WhiteElo "2599"]
[BlackElo "2639"]
[Annotator "TA"]
[PlyCount "85"]
[EventDate "2018.10.07"]
[EventType "swiss"]
[EventCountry "RUS"]
[SourceTitle "playchess.com"]
[Source "ChessBase"]
[SourceQuality "1"]

1. e4 c5 2. Nf3 Nc6 3. Bb5 g6 4. Bxc6 dxc6 5. d3 Bg7 6. h3 Nh6 7. O-O f6 8. e5 O-O 9. Nbd2 Nf5 10. Re1 Nd4 11. Nb3 b6 12. Be3 fxe5 13. Ng5 Qd5 14. Nd2 h6 15. Nge4 Bf5 16. f3 Rad8 17. Bf2 g5 18. a4 a5 19. b3 Ne6 20. Nc4 Rb8 21. Ne3 Qd7 22. Nxf5 Rxf5 23. Bg3 Rbf8 24. Kh2 Nd4 25. Nd2 h5 26. Re4 h4 27. Bf2 Rf4 28. Be3 Nf5 29. Nc4 Ng3 30. Bxf4 exf4 31. Rb1 b5 32. Nd2 Nxe4 33. Nxe4 Rf5 34. Qe2 Bd4 35. Re1 Be3 36. Qd1 Qd4 37. Qb1 Kf8 38. c3 Qd7 39. b4 cxb4 40. cxb4 bxa4 41. d4 Rb5 42. Nc5 Qxd4 43. Ne6+ 1-0

[Event "RUS-ch Blitz Men 2018"]
[Site "Sochi"]
[Date "2018.10.07"]
[Round "16"]
[White "Antipov, Mikhail Al."]
[Black "Morozevich, Alexander"]
[Result "1/2-1/2"]
[WhiteElo "2593"]
[BlackElo "2656"]
[Annotator "TA"]
[PlyCount "61"]
[EventDate "2018.10.07"]
[EventType "swiss"]
[EventCountry "RUS"]
[SourceTitle "playchess.com"]
[Source "ChessBase"]
[SourceQuality "1"]

1. e4 c5 2. Nf3 e6 3. b3 Nc6 4. Bb2 Nf6 5. e5 Ng4 6. h3 Nh6 7. Bd3 Be7 8. Be4 Qc7 9. O-O O-O 10. Na3 Nf5 11. Bxf5 exf5 12. d4 cxd4 13. Nb5 Qa5 14. Nbxd4 Nxd4 15. Qxd4 b6 16. c4 Rd8 17. Rfe1 Bb7 18. e6 Bf6 19. exf7+ Kxf7 20. Ng5+ Kg6 21. Qd6 Qc5 22. Qxc5 bxc5 23. Bxf6 Kxf6 24. Nf3 Bxf3 25. gxf3 a5 26. Rad1 d6 27. Rd5 a4 28. Red1 Ke6 29. Re1+ Kf6 30. Red1 Ke6 31. Re1+ 1/2-1/2

[Event "RUS-ch Blitz Men 2018"]
[Site "Sochi"]
[Date "2018.10.07"]
[Round "16"]
[White "Savchenko, Boris"]
[Black "Sychev, Klementy"]
[Result "1/2-1/2"]
[WhiteElo "2562"]
[BlackElo "2534"]
[Annotator "ChessBase"]
[PlyCount "83"]
[EventDate "2018.10.07"]
[EventType "swiss"]
[EventCountry "RUS"]
[SourceTitle "playchess.com"]
[Source "ChessBase"]
[SourceQuality "1"]

1. e4 c5 2. Nf3 d6 3. d4 cxd4 4. Nxd4 Nf6 5. Nc3 a6 6. Bg5 Nbd7 7. Qe2 h6 8. Bh4 e6 9. O-O-O b5 10. f4 g5 11. fxg5 hxg5 12. Bxg5 Bb7 13. Qe1 Rc8 14. Kb1 b4 15. Nce2 Qa5 16. Bxf6 Nxf6 17. Ng3 Qc5 18. Bd3 Ng4 19. Qe2 Ne5 20. Bxa6 Bxa6 21. Qxa6 Be7 22. Qa4+ Kf8 23. Qb3 Kg8 24. Nxe6 Qc4 25. Nf5 Bh4 26. Nxd6 Qxb3 27. cxb3 Rc6 28. Nf4 Bg5 29. Nh3 Bf6 30. Nf5 Ng4 31. Rc1 Rxc1+ 32. Rxc1 Kh7 33. Rc7 Kg6 34. Nf4+ Kg5 35. Nh3+ Kg6 36. Rc6 Rd8 37. Nf4+ Kg5 38. Nd5 Be5 39. h3 Nf2 40. h4+ Kg4 41. Nh6+ Kh5 42. Nxf7 1/2-1/2

[Event "RUS-ch Blitz Men 2018"]
[Site "Sochi"]
[Date "2018.10.07"]
[Round "16"]
[White "Lobanov, Sergei"]
[Black "Kretov, Evgenij"]
[Result "1/2-1/2"]
[WhiteElo "2539"]
[BlackElo "2219"]
[Annotator "ChessBase"]
[PlyCount "118"]
[EventDate "2018.10.07"]
[EventType "swiss"]
[EventCountry "RUS"]
[SourceTitle "playchess.com"]
[Source "ChessBase"]
[SourceQuality "1"]

1. e4 c5 2. Nf3 Nc6 3. d4 cxd4 4. Nxd4 g6 5. c4 Nf6 6. Nc3 d6 7. Be2 Nxd4 8. Qxd4 Bg7 9. Be3 O-O 10. Qd2 Be6 11. O-O Qa5 12. b3 Rfc8 13. Rac1 a6 14. f3 Nd7 15. Rfd1 Rab8 16. Nd5 Qxd2 17. Rxd2 Bxd5 18. Rxd5 Bb2 19. Rb1 Bc3 20. a3 Kf8 21. Kf2 Ke8 22. g4 Nc5 23. b4 Ne6 24. f4 Bg7 25. h4 Nc7 26. Rd2 b5 27. Rc2 bxc4 28. Bxc4 Nb5 29. Rbc1 Kd8 30. Bxf7 Rxc2+ 31. Rxc2 Nxa3 32. Ra2 Nb1 33. Rxa6 Rxb4 34. Ra8+ Kc7 35. Ra7+ Kd8 36. Ra8+ Kc7 37. Ra7+ Kd8 38. Be6 Nc3 39. Rd7+ Ke8 40. Rc7 Rb8 41. Kf3 Nb5 42. Rc1 Nd4+ 43. Bxd4 Bxd4 44. g5 Kf8 45. h5 gxh5 46. Kg3 Ra8 47. Kh4 Be3 48. Rf1 Ra4 49. Bf5 Kg7 50. Kxh5 Ra2 51. Kg4 Rf2 52. Rxf2 Bxf2 53. Be6 Bd4 54. Kf3 Bb2 55. Ke2 Bc1 56. Kf3 Bd2 57. Kg4 h6 58. Kf5 hxg5 59. fxg5 Bc1 1/2-1/2

[Event "RUS-ch Blitz Men 2018"]
[Site "Sochi"]
[Date "2018.10.07"]
[Round "16"]
[White "Shcherbakov, Ruslan"]
[Black "Matlakov, Maxim"]
[Result "1/2-1/2"]
[WhiteElo "2516"]
[BlackElo "2683"]
[Annotator "TA"]
[PlyCount "109"]
[EventDate "2018.10.07"]
[EventType "swiss"]
[EventCountry "RUS"]
[SourceTitle "playchess.com"]
[Source "ChessBase"]
[SourceQuality "1"]

1. e4 c5 2. Nf3 Nc6 3. Bb5 g6 4. O-O Bg7 5. Re1 Nf6 6. e5 Nd5 7. Nc3 Nc7 8. Bxc6 dxc6 9. Ne4 Ne6 10. d3 h6 11. Be3 b6 12. a3 a5 13. Qd2 a4 14. h4 Kf8 15. Ng3 Nd4 16. Nxd4 cxd4 17. Bf4 c5 18. f3 Qd5 19. Re4 Be6 20. Rae1 Kg8 21. Nh1 Bf5 22. R4e2 Rc8 23. Nf2 b5 24. Bg3 c4 25. Qf4 h5 26. Ne4 Bh6 27. Ng5 e6 28. Qd2 c3 29. bxc3 Rxc3 30. Rb1 Kg7 31. Bf4 Qc5 32. Ne4 Bxe4 33. Rxe4 Rxc2 34. Bxh6+ Rxh6 35. Qf4 Qxa3 36. Qf6+ Kg8 37. Rxb5 Rc8 38. Rb7 Rh7 39. Kh2 Qf8 40. Rxd4 a3 41. Ra7 Qc5 42. Rda4 Rg7 43. Ra8 Kh7 44. Rxc8 Qxc8 45. Rxa3 Qc7 46. Ra4 Rg8 47. Rf4 Rf8 48. Qg5 Kg8 49. d4 Qd8 50. Qf6 Qxf6 51. exf6 Rd8 52. Kg3 Rd5 53. Re4 Rf5 54. Rf4 Rd5 55. Re4 1/2-1/2

[Event "RUS-ch Blitz Men 2018"]
[Site "Sochi"]
[Date "2018.10.07"]
[Round "16"]
[White "Potapov, Pavel"]
[Black "Inozemtsev, Sergei"]
[Result "1-0"]
[WhiteElo "2515"]
[BlackElo "2310"]
[Annotator "TA"]
[PlyCount "119"]
[EventDate "2018.10.07"]
[EventType "swiss"]
[EventCountry "RUS"]
[SourceTitle "playchess.com"]
[Source "ChessBase"]
[SourceQuality "1"]

1. e4 e6 2. d3 d5 3. Nd2 Nf6 4. Ngf3 b6 5. g3 Bb7 6. Qe2 Be7 7. Bg2 dxe4 8. dxe4 Ba6 9. c4 Nc6 10. O-O e5 11. b3 Bc5 12. Bb2 Qe7 13. Rad1 O-O 14. Nb1 Rad8 15. Nc3 Nd4 16. Nxd4 exd4 17. Na4 Rfe8 18. Rfe1 Bc8 19. Nxc5 bxc5 20. f3 Be6 21. Qd3 Nd7 22. Ba3 Qd6 23. Qd2 Qa6 24. Qb2 Rb8 25. Qc1 f6 26. h3 Qb6 27. f4 a5 28. Rd3 a4 29. g4 axb3 30. axb3 Qa5 31. Bb2 Rb6 32. Rf1 Reb8 33. Rff3 Qa7 34. Kh2 Qa6 35. Rg3 Qc8 36. Qc2 Qf8 37. Bc1 Qd6 38. Kg1 Re8 39. g5 Bf7 40. gxf6 Qxf6 41. e5 Qh4 42. Qf2 Rg6 43. Be4 Rxg3+ 44. Rxg3 Qh5 45. Qe1 g6 46. Kh2 Nf8 47. Rg5 Qh6 48. Bd5 Kh8 49. f5 Qg7 50. e6 Bg8 51. Bf4 Nd7 52. Qg3 Nf6 53. Be5 Rf8 54. fxg6 h6 55. Rf5 Qe7 56. g7+ Qxg7 57. Qxg7+ Kxg7 58. e7 Re8 59. Rxf6 Bxd5 60. Rf8+ 1-0

[Event "RUS-ch Blitz Men 2018"]
[Site "Sochi"]
[Date "2018.10.07"]
[Round "16"]
[White "Demidov, Mikhail"]
[Black "Yuffa, Daniil"]
[Result "1/2-1/2"]
[WhiteElo "2514"]
[BlackElo "2563"]
[Annotator "ChessBase"]
[PlyCount "111"]
[EventDate "2018.10.07"]
[EventType "swiss"]
[EventCountry "RUS"]
[SourceTitle "playchess.com"]
[Source "ChessBase"]
[SourceQuality "1"]

1. d4 Nf6 2. Nf3 g6 3. g3 Bg7 4. Bg2 O-O 5. O-O d6 6. b3 c5 7. Bb2 Ne4 8. Qc1 cxd4 9. Nxd4 Nc5 10. c4 a5 11. Nb5 Nc6 12. Bxg7 Kxg7 13. Rd1 Be6 14. Qb2+ Kg8 15. Nd2 Qb6 16. h4 h5 17. Nf3 a4 18. Ng5 Bg4 19. b4 a3 20. Qd2 Na4 21. Ne4 Bf5 22. Nec3 Nxb4 23. e4 Be6 24. Nxa4 Rxa4 25. Rab1 Qc5 26. Nc3 Ra6 27. e5 Bf5 28. Rb3 Nc6 29. exd6 Qxd6 30. Qh6 Qf6 31. Nd5 Qg7 32. Qxg7+ Kxg7 33. Rxb7 Rd8 34. Bf3 e6 35. Ne3 Rxd1+ 36. Bxd1 Nd4 37. Rd7 e5 38. Re7 Rb6 39. Ra7 Rb1 40. Kh2 Be4 41. Rxa3 Nf3+ 42. Kh3 Rc1 43. Bxf3 Bxf3 44. Nf5+ gxf5 45. Rxf3 Kf6 46. a4 Ra1 47. Rc3 Rxa4 48. c5 Ra7 49. Rb3 Rc7 50. Rb6+ Ke7 51. Rh6 Rxc5 52. Rxh5 Kf6 53. Rh6+ Kg7 54. Rb6 Rd5 55. Kg2 Rd3 56. Rb5 1/2-1/2

[Event "RUS-ch Blitz Men 2018"]
[Site "Sochi"]
[Date "2018.10.07"]
[Round "16"]
[White "Khanin, Semen"]
[Black "Usmanov, Vasily"]
[Result "1-0"]
[WhiteElo "2510"]
[BlackElo "2453"]
[Annotator "RC"]
[PlyCount "117"]
[EventDate "2018.10.07"]
[EventType "swiss"]
[EventCountry "RUS"]
[SourceTitle "playchess.com"]
[Source "ChessBase"]
[SourceQuality "1"]

1. e4 d5 2. exd5 Qxd5 3. Nc3 Qd8 4. d4 Nf6 5. Nf3 c6 6. Be2 Bf5 7. O-O e6 8. h3 h6 9. Bf4 Nbd7 10. Ne5 Nxe5 11. Bxe5 Bd6 12. Bf3 Bxe5 13. dxe5 Qxd1 14. Raxd1 Nd7 15. Be4 Bxe4 16. Nxe4 Nxe5 17. Nd6+ Ke7 18. f4 Ng6 19. f5 Ne5 20. fxe6 f6 21. Nf5+ Kxe6 22. Nxg7+ Ke7 23. Nf5+ Ke6 24. Rd6+ Kf7 25. Nd4 Kg7 26. Rfxf6 Rhd8 27. Nf5+ Kg8 28. Nxh6+ Kh7 29. Nf5 Rxd6 30. Nxd6 Rd8 31. Nxb7 Rd1+ 32. Kh2 Rd2 33. Re6 Nc4 34. b3 Na3 35. Rxc6 Nxc2 36. Re6 Nd4 37. Re7+ Kg6 38. Nc5 Rxa2 39. Re4 Rd2 40. b4 Kf5 41. Re8 Rb2 42. Rf8+ Kg6 43. Rb8 Nf5 44. Nd3 Rd2 45. Rd8 Kf6 46. Rd7 Ne3 47. Kg3 Nxg2 48. Nc5 Rb2 49. Rxa7 Ne3 50. Rb7 Nf5+ 51. Kf4 Rf2+ 52. Kg4 Rg2+ 53. Kf3 Rh2 54. Ne4+ Ke5 55. Rb5+ Ke6 56. Kf4 Nd4 57. Rb6+ Kd7 58. Rd6+ Ke7 59. Rxd4 1-0

[Event "RUS-ch Blitz Men 2018"]
[Site "Sochi"]
[Date "2018.10.07"]
[Round "16"]
[White "Gabrielian, Artur"]
[Black "Gutenev, Alexander"]
[Result "1-0"]
[WhiteElo "2499"]
[BlackElo "2456"]
[Annotator "ChessBase"]
[PlyCount "89"]
[EventDate "2018.10.07"]
[EventType "swiss"]
[EventCountry "RUS"]
[SourceTitle "playchess.com"]
[Source "ChessBase"]
[SourceQuality "1"]

1. e4 c5 2. Nc3 Nc6 3. Bb5 Nd4 4. Bc4 e6 5. Nf3 a6 6. Nxd4 cxd4 7. Ne2 Nf6 8. d3 Bc5 9. O-O d5 10. exd5 Nxd5 11. Ng3 O-O 12. Bb3 b5 13. Qg4 f5 14. Qe2 Qd6 15. Re1 Bd7 16. Qe5 Qc6 17. Nh5 Rf7 18. Nf4 Nxf4 19. Bxf4 Re8 20. a4 h6 21. axb5 axb5 22. h4 Qc8 23. Qc7 Qxc7 24. Bxc7 Kh7 25. Ra6 Rfe7 26. Be5 Kg6 27. Rea1 Kf7 28. Bd6 Bxd6 29. Rxd6 Kf6 30. Rxd4 Ke5 31. c3 g5 32. hxg5 hxg5 33. Re1+ Kf6 34. Rd6 Bc8 35. d4 Kg7 36. f3 e5 37. dxe5 Rxe5 38. Rxe5 Rxe5 39. Kf2 g4 40. Rc6 Re8 41. Kg3 gxf3 42. gxf3 Rd8 43. Kf4 Bd7 44. Rd6 Kf8 45. Be6 1-0

[Event "RUS-ch Blitz Men 2018"]
[Site "Sochi"]
[Date "2018.10.07"]
[Round "16"]
[White "Moiseenko, Vadim"]
[Black "Kobalia, Mikhail"]
[Result "0-1"]
[WhiteElo "2492"]
[BlackElo "2620"]
[Annotator "ChessBase"]
[PlyCount "92"]
[EventDate "2018.10.07"]
[EventType "swiss"]
[EventCountry "RUS"]
[SourceTitle "playchess.com"]
[Source "ChessBase"]
[SourceQuality "1"]

1. g3 d5 2. Bg2 Nf6 3. d3 c6 4. Nd2 g6 5. e4 dxe4 6. dxe4 Nbd7 7. Ngf3 Bg7 8. O-O O-O 9. a4 Nc5 10. Qe2 b6 11. Re1 Ba6 12. Qe3 Qc7 13. h3 Rad8 14. Ra3 Nfd7 15. b4 Ne6 16. e5 c5 17. b5 Bb7 18. Bb2 Bd5 19. c4 Ba8 20. a5 h5 21. axb6 axb6 22. Rea1 Bb7 23. Ra7 Rb8 24. h4 Kh7 25. Bh3 Bh6 26. Ng5+ Bxg5 27. hxg5 Nd4 28. e6 fxe6 29. Bxd4 cxd4 30. Qxe6 Nc5 31. Qc6 Qd8 32. Rxb7 Rxb7 33. Ne4 Nxe4 34. Qxe4 Rc7 35. Qd3 Qd6 36. Re1 e5 37. Bg2 Rf5 38. Be4 Rxg5 39. Ra1 Qe6 40. Ra8 Qxc4 41. Qf3 Rf7 42. Qd1 Qc3 43. Kg2 Rxf2+ 44. Kxf2 Qxg3+ 45. Kf1 Qg1+ 46. Ke2 Qe3+ 0-1

[Event "RUS-ch Blitz Men 2018"]
[Site "Sochi"]
[Date "2018.10.07"]
[Round "16"]
[White "Hasangatin, Ramil"]
[Black "Pridorozhni, Aleksei"]
[Result "0-1"]
[WhiteElo "2485"]
[BlackElo "2574"]
[Annotator "TA"]
[PlyCount "68"]
[EventDate "2018.10.07"]
[EventType "swiss"]
[EventCountry "RUS"]
[SourceTitle "playchess.com"]
[Source "ChessBase"]
[SourceQuality "1"]

1. e4 c5 2. Nf3 e6 3. g3 d5 4. exd5 exd5 5. d4 Nc6 6. Bg2 Bd6 7. O-O Nge7 8. dxc5 Bxc5 9. Nbd2 O-O 10. Nb3 Bb6 11. Nfd4 Nf5 12. c3 Nfxd4 13. Nxd4 Nxd4 14. cxd4 Bf5 15. Be3 Qd7 16. Qb3 Rad8 17. a4 Ba5 18. Rac1 Be4 19. Rc5 Bxg2 20. Kxg2 b6 21. Rc2 Qe6 22. Rfc1 Qe4+ 23. Kg1 h5 24. h4 Rfe8 25. Rc6 Qf3 26. Rc7 Bd2 27. Qd1 Qxd1+ 28. Rxd1 Bxe3 29. fxe3 Rxe3 30. Kf2 Rb3 31. Rd2 a5 32. Rb7 Rd6 33. Re2 Rf6+ 34. Ke1 Rxg3 0-1

[Event "RUS-ch Blitz Men 2018"]
[Site "Sochi"]
[Date "2018.10.07"]
[Round "16"]
[White "Kezin, Roman"]
[Black "Kryakvin, Dmitry"]
[Result "1-0"]
[WhiteElo "2471"]
[BlackElo "2595"]
[Annotator "TA"]
[PlyCount "59"]
[EventDate "2018.10.07"]
[EventType "swiss"]
[EventCountry "RUS"]
[SourceTitle "playchess.com"]
[Source "ChessBase"]
[SourceQuality "1"]

1. d4 d5 2. c4 c6 3. Nc3 Nf6 4. e3 Bf5 5. cxd5 cxd5 6. Qb3 Nc6 7. Qxb7 Bd7 8. Qb3 Rb8 9. Qd1 e5 10. Nf3 Bd6 11. Be2 O-O 12. O-O e4 13. Ne1 Bb4 14. Bd2 Qe7 15. Na4 Bd6 16. b3 h5 17. g3 h4 18. Ng2 hxg3 19. fxg3 Nd8 20. Nc5 Bxc5 21. dxc5 Qxc5 22. Rc1 Qe7 23. Bc3 Rb6 24. Nf4 Qa3 25. Bd4 Rc6 26. Rxc6 Bxc6 27. Bxf6 gxf6 28. Nh5 Ne6 29. Nxf6+ Kg7 30. Bb5 1-0